| 000 | 00369 a2200169 4500 | ||
|---|---|---|---|
| 001 | 71675 | ||
| 020 | _a | ||
| 040 | _cAnchieta - Colégio São Paulo | ||
| 100 | _aFrança, Cidinha | ||
| 240 | 1 | 0 |
_aGuerra é guerra _lpor |
| 245 | 1 | 0 | _aGuerra é guerra |
| 300 | _a62 | ||
| 362 | 0 | _a1992 | |
| 440 | 1 | _aPaulinas | |
| 650 | 4 | _aLiteratura infanto-juvenil | |
| 942 | _cBK | ||
| 999 |
_c71675 _d71675 |
||